I Wish You Would (TV) - Taylor Swift (All Lyrics) - Statistics

General Stats
  • This quiz has been taken 250 times
  • The average score is 640 of 680
Answer Stats
Lyrics % Correct
I
100%
I,
100%
(I,
100%
I)
100%
(I
100%
you
100%
You
100%
a
99%
it
98%
It's
98%
"It's
98%
it's
98%
wish
98%
Wish
98%
wish,
98%
the
97%
back
96%
come
96%
my
96%
never
96%
now
96%
now,
96%
we
96%
would
96%
would,
96%
would)
96%
your
96%
go
95%
hear
95%
all
94%
and
94%
And
94%
did,
94%
here,
94%
here
94%
in
94%
like
94%
me
94%
right
94%
that
94%
to
94%
To
94%
were
94%
We're
94%
where
94%
for
93%
good
93%
knew
93%
as
91%
up
91%
But
90%
car
90%
I'll
90%
2
89%
AM
89%
AM,
89%
love
89%
phone
89%
long
88%
always
87%
forget
87%
how
87%
hung
87%
live
87%
Then
87%
too
87%
what
87%
be
86%
mad
86%
mad,
86%
could
85%
down,
85%
down
85%
much
85%
run
85%
around
84%
push
84%
anymore
83%
buttons
83%
room
83%
fightin'
82%
miss
82%
say,
82%
think
82%
This
82%
said
81%
everything
79%
know
79%
of
79%
past,"
79%
turn
79%
Makes
78%
makes
78%
remember
78%
straight
77%
window
77%
memories
75%
are
74%
don't
74%
nothin'
74%
pass
74%
runnin'
74%
start
74%
line
73%
stand
73%
drive
72%
hate
72%
hide
72%
wanna
72%
'Cause
71%
voice
71%
Windows
71%
ahead
70%
made
70%
street,
70%
You're
70%
want
69%
crooked
68%
give
67%
still
67%
us
64%
dark
62%
Headlights
62%
thinkin'
59%
stood
57%
See
52%
face,
51%
pane,
50%
No matching quizzes found
Score Distribution
Percent of People with Each Score
Percentile by Number Answered
Your Score History
You have not taken this quiz